British Chambers of Commerce (Record no. 119979)

MARC details
000 -LEADER
fixed length control field 00992cam a2200229 4500
001 - CONTROL NUMBER
control field WS116367
008 - FIXED-LENGTH DATA ELEMENTS--GENERAL INFORMATION
fixed length control field 020117n 000 0 eng u
035 ## - SYSTEM CONTROL NUMBER
System control number (Sirsi) u116367
110 ## - MAIN ENTRY--CORPORATE NAME
Corporate name or jurisdiction name as entry element British Chambers of Commerce
9 (RLIN) 3684
245 ## - TITLE STATEMENT
Title British Chambers of Commerce
520 ## - SUMMARY, ETC.
Summary, etc. Web site for this national network of quality accredited, local, independent organisations for businesses funded by membership subscription. Includes a searchable list of chambers, surveys, pages on small businesses, employment, Europe, transport, company law and the environment. Also includes pages offering business advice.
650 ## - SUBJECT ADDED ENTRY--TOPICAL TERM
Topical term or geographic name entry element CHAMBERS OF COMMERCE
650 ## - SUBJECT ADDED ENTRY--TOPICAL TERM
Topical term or geographic name entry element SMALL FIRMS
650 ## - SUBJECT ADDED ENTRY--TOPICAL TERM
Topical term or geographic name entry element EMPLOYMENT
650 ## - SUBJECT ADDED ENTRY--TOPICAL TERM
Topical term or geographic name entry element EUROPE
650 ## - SUBJECT ADDED ENTRY--TOPICAL TERM
Topical term or geographic name entry element TRANSPORT
650 ## - SUBJECT ADDED ENTRY--TOPICAL TERM
Topical term or geographic name entry element Management consultancy
9 (RLIN) 6255
650 ## - SUBJECT ADDED ENTRY--TOPICAL TERM
Topical term or geographic name entry element COMPANY LAW
690 ## - LOCAL SUBJECT ADDED ENTRY--TOPICAL TERM (OCLC, RLIN)
Topical term or geographic name as entry element MANAGEMENT-BUSINESS MANAGEMENT
856 40 - ELECTRONIC LOCATION AND ACCESS
Uniform Resource Identifier <a href="https://www.britishchambers.org.uk">https://www.britishchambers.org.uk</a>
Public note View the website free of charge at www.britishchambers.org...
942 ## - ADDED ENTRY ELEMENTS (KOHA)
Suppress in OPAC 0
Holdings
Withdrawn status Lost status Source of classification or shelving scheme Damaged status Not for loan Home library Current library Shelving location Date acquired Total Checkouts Full call number Barcode Date last seen Copy number Price effective from Koha item type
    Dewey Decimal Classification     Virtual Virtual Online 17/01/2002   WEB SITE 116367-2001 06/08/2019 1 06/08/2019 Online material